|
|
|
|
| LEADER |
01335nam a2200361Ia 4500 |
| 001 |
EBC315197 |
| 003 |
MiAaPQ |
| 005 |
20200520144314.0 |
| 006 |
m o d | |
| 007 |
cr cn||||||||| |
| 008 |
070525s2008 njua sb 001 0 eng d |
| 010 |
|
|
|z 2007022148
|
| 020 |
|
|
|z 9780470171295 (cloth)
|
| 020 |
|
|
|z 0470171294 (cloth)
|
| 035 |
|
|
|a (MiAaPQ)EBC315197
|
| 035 |
|
|
|a (Au-PeEL)EBL315197
|
| 035 |
|
|
|a (CaPaEBR)ebr10296289
|
| 035 |
|
|
|a (CaONFJC)MIL97375
|
| 035 |
|
|
|a (OCoLC)748544635
|
| 040 |
|
|
|a MiAaPQ
|c MiAaPQ
|d MiAaPQ
|
| 050 |
|
4 |
|a HD30.23
|b .N525 2008
|
| 100 |
1 |
|
|a Nightingale, Jim,
|d 1960-
|
| 245 |
1 |
0 |
|a Think smart--act smart
|h [electronic resource] :
|b avoiding the business mistakes that even intelligent people make /
|c Jim Nightingale.
|
| 260 |
|
|
|a Hoboken, N.J. :
|b John Wiley & Sons,
|c c2008.
|
| 300 |
|
|
|a xv, 160 p. :
|b ill.
|
| 504 |
|
|
|a Includes bibliographical references (p. 151-153) and index.
|
| 533 |
|
|
|a Electronic reproduction. Ann Arbor, MI : ProQuest, 2015. Available via World Wide Web. Access may be limited to ProQuest affiliated libraries.
|
| 650 |
|
0 |
|a Decision making.
|
| 650 |
|
0 |
|a Errors.
|
| 650 |
|
0 |
|a Management.
|
| 655 |
|
4 |
|a Electronic books.
|
| 710 |
2 |
|
|a ProQuest (Firm)
|
| 856 |
4 |
0 |
|u https://ebookcentral.proquest.com/lib/matrademy/detail.action?docID=315197
|z Click to View
|